| 000 | 00387 a2200133 4500 | ||
|---|---|---|---|
| 001 | 92375 | ||
| 082 | _aPR 2574 | ||
| 090 |
_c44344 _d44345 |
||
| 100 | _aShahid Zaman; Prof Taimur Ali Shams and Mudassir Ahmed (Advisor) | ||
| 245 |
_aCFD Analysis of Scale Down Model of JF-17 Aircraft _n79 "A" EC |
||
| 260 |
_aIslamabad _bNUST _c2015 |
||
| 300 | _axiv,76p. | ||
| 500 | _aBE Project Report | ||
| 942 |
_aCAE NUST _kPR 2574 |
||
| 999 |
_c327448 _d327448 |
||